Logo BPK

Biblioteka

Politechniki Koszalińskiej

Analogowe układy scalone w sprzęcie radiowo-telewizyjnym / (Rekord nr 27904)

Szczegóły MARC
000 -ETYKIETA REKORDU
podpole kontrolne o stałej długości 00393nam a2200145 i 4500
001 - NUMER KONTROLNY REKORDU
pole kontrolne bg
040 ## - ŹRÓDŁO KATALOGOWANIA
Instytucja, która utworzyła rekord BPK
041 ## - KOD JĘZYKA
Kod języka tekstu pol
008 - POLE O STAŁEJ DŁUGOŚCI - DANE KONTROLNE
podpole kontrolne o stałej długości s pl f |000 0 pol
100 1# - NAZWA OSOBOWA
Nazwa osobowa RUDNICKI, Cezary
245 #0 - TYTUŁ/ODPOWIEDZIALNOŚĆ
Tytuł Analogowe układy scalone w sprzęcie radiowo-telewizyjnym /
Pozostałe elementy strefy tytułu i oznaczenia odpowiedzialności Cezary Rudnicki, Ryszard Gomuła.
260 ## - STREFA ADRESU WYDAWNICZEGO
Miejsce wydania Warszawa,
Data publikacji, dystrybucji/powstania dokumentu 1978.
700 1# - HASŁO DODATKOWE - NAZWA OSOBOWA
Nazwa osobowa GOMUŁA, Ryszard
856 ## - LOKALIZACJA I DOSTĘP DO ELEKTRONICZNYCH DOKUMENTÓW ZDALNYCH
Link (URL) http://koha.tu.koszalin.pl/cgi-bin/koha/opac-detail.pl?biblionumber=27904
Tekst linku Katalog online BPK
942 ## - DODATKOWE ELEMENTY (KOHA)
Typ dokumentu Książka
Egzemplarze
Wycofany Status egzemplarza Uszkodzony Dostępność Lokalizacja stała Lokalizacja bieżąca Miejsce przechowywania Sygnatura Kod kreskowy Typ dokumentu
      Dostępny Biblioteka Politechniki Koszalińskiej Biblioteka Politechniki Koszalińskiej Wypożyczalnia BG 23043 02237558 Książka
      Dostępny Biblioteka Politechniki Koszalińskiej Biblioteka Politechniki Koszalińskiej Wypożyczalnia BG 23044 01686005 Książka
© 2023 Biblioteka Politechniki Koszalińskiej :: KOHA